000 01391nam0a2200277 4500
001 RU\NLR\BIBL_A\016241068
005 20260407113835.0
035 _a(NLR Aleph) 016241068
090 _a12797666
_c12797666
100 _a20060306d1881 |||y0rusy50 ca
101 0 _arus
102 _aRU
105 _aa|||z|||000zy
200 1 _aВзаимное страхование в пользу переживших
_fС.-Петербургское общество страхования от огня имуществ и страхования пожизненных доходов и денежных капиталов. Основано в 1858 году. Наличный основный капитал: 2.400,000 руб. Резервный капитал к концу 1880: 2.123,010,25
210 _aС.-Петербург
_cТип. Мин. пут. сообщ. (А. Бенке)
_d1881
215 _a21, [1] с.
_cтабл.
_d14
_eприл. (IV с.)
309 _aНа обл.: брош. № 2. 3 т. 1881
316 _aЭкз. РНБ деф.: прил. отсутствует
_5NLR
712 0 2 _4570
_aПетербургское общество страхований
_9386276
_3RU\NLR\AUTH\889945432
801 0 _aRU
_bNLR
_gpsbo
801 1 _aRU
_bProSoft-M
_2rusmarc
852 _aNLR
_j18.132.6.294
942 _cBOOK
980 _aNB